| 000 | 01238cab a2200277 4500 | ||
|---|---|---|---|
| 001 | ABS45740 | ||
| 008 | 090401t1992 xxu||||| |||| 00| 0 eng d | ||
| 035 | _a(Sirsi) u54849 | ||
| 041 | _aeng | ||
| 100 | _aPayne, S. | ||
| 245 | _aWhat a relief! | ||
| 260 | _c1992 | ||
| 350 | _a0 | ||
| 490 |
_aNew Law Journal _v142(6534) 10 January 1992, 22-23(2) |
||
| 520 | _aDiscusses the issues and consequences of the Lords` ruling on the Billson case, overturning the Court of Appeal decision which prevented tenants claiming relief from forfeiture, once a peaceable re-entry by their landlords has followed a s146 notice. Most affected by the latest judgement are sub-tenants and mortgagees who previously had no right to be informed of the serving of such a notice on the mortgagor or tenant, and thus had no opportunity to seek relief prior to the landlord`s re-entry. | ||
| 650 | _aBILLSON AND OTHERS V RESIDENTIAL APARTMENTS LTD | ||
| 650 | _aBREACH OF COVENANT | ||
| 650 | _aCOVENANT AGAINST ALTERATION | ||
| 650 | _aFORFEITURE | ||
| 650 | _aLAW OF PROPERTY ACT 1925 S146 | ||
| 650 | _aPEACEABLE RE-ENTRY | ||
| 650 | _aRELIEF FROM FORFEITURE | ||
| 690 |
_aLandlord and tenant _96252 |
||
| 942 | _n0 | ||
| 948 | _c04/03/1997 | ||
| 999 |
_c33607 _d33607 |
||